Аудирование как метод обучения устной речи на уроках английского языка в вузе; Коммуникативные аспекты языка и культуры; Ч. 3

Podrobná bibliografie
Parent link:Коммуникативные аспекты языка и культуры: сборник материалов XIII Международной научно-практической конференции студентов и молодых ученых, г. Томск, 28-30 мая 2013 г./ Национальный исследовательский Томский политехнический университет (ТПУ), Институт международного образования и языковой коммуникации (ИМОЯК) ; под ред. С. А. Песоцкой.— , 2013
Ч. 3.— 2013.— [С. 9-11]
Hlavní autor: Гудовщикова Н. И.
Korporativní autor: Национальный исследовательский Томский политехнический университет (ТПУ) Институт физики высоких технологий (ИФВТ) Кафедра иностранных языков Института физики высоких технологий (ИЯФВТ)
Další autoři: Сунцова Е. Н. Евгения Николаевна (научный руководитель)
Shrnutí:Заглавие с титульного экрана
Jazyk:ruština
Vydáno: 2013
Edice:Методические аспекты преподавания иностранных языков: от мотивации к компетенциям
Témata:
On-line přístup:http://www.lib.tpu.ru/fulltext/c/2013/C77/V3/004.pdf
Médium: Elektronický zdroj Kapitola
KOHA link:https://koha.lib.tpu.ru/cgi-bin/koha/opac-detail.pl?biblionumber=607615

MARC

LEADER 00000naa2a2200000 4500
001 607615
005 20260311144116.0
035 |a (RuTPU)RU\TPU\conf\5021 
035 |a RU\TPU\conf\5020 
090 |a 607615 
100 |a 20140806d2013 k y0rusy50 ca 
101 0 |a rus 
102 |a RU 
135 |a drcn ---uucaa 
181 0 |a i  
182 0 |a b 
200 1 |a Аудирование как метод обучения устной речи на уроках английского языка в вузе  |f Н. И. Гудовщикова  |g науч. рук. Е. Н. Сунцова 
203 |a Текст  |c электронный 
225 1 |a Методические аспекты преподавания иностранных языков: от мотивации к компетенциям 
300 |a Заглавие с титульного экрана 
320 |a [Библиогр.: с. 11 (4 назв.)] 
337 |a Adobe Reader 
461 1 |0 (RuTPU)RU\TPU\conf\4568  |t Коммуникативные аспекты языка и культуры  |o сборник материалов XIII Международной научно-практической конференции студентов и молодых ученых, г. Томск, 28-30 мая 2013 г.  |o в 3 ч.  |f Национальный исследовательский Томский политехнический университет (ТПУ), Институт международного образования и языковой коммуникации (ИМОЯК) ; под ред. С. А. Песоцкой  |d 2013 
463 0 |0 (RuTPU)RU\TPU\conf\4573  |t Ч. 3  |v [С. 9-11]  |d 2013 
610 1 |a труды учёных ТПУ 
610 1 |a электронный ресурс 
610 1 |a аудирование 
610 1 |a устная речь 
610 1 |a обучение 
610 1 |a английский язык 
610 1 |a вузы 
700 1 |a Гудовщикова  |b Н. И. 
702 1 |a Сунцова  |b Е. Н.  |c лингвист  |c доцент Томского политехнического университета, кандидат педагогических наук  |f 1975-  |g Евгения Николаевна  |4 727 
712 0 2 |a Национальный исследовательский Томский политехнический университет (ТПУ)  |b Институт физики высоких технологий (ИФВТ)  |b Кафедра иностранных языков Института физики высоких технологий (ИЯФВТ)  |3 (RuTPU)RU\TPU\col\18696 
801 2 |a RU  |b 63413507  |c 20140806  |g RCR 
856 4 |u http://www.lib.tpu.ru/fulltext/c/2013/C77/V3/004.pdf 
942 |c BK